| 000 | 00628nam a22001937a 4500 | ||
|---|---|---|---|
| 003 | OSt | ||
| 005 | 20190423102751.0 | ||
| 008 | 180227b xxu||||| |||| 00| 0 spa d | ||
| 020 | _a9502004558 | ||
| 040 | _cPJ | ||
| 100 |
_918 _aCassagne, Juan Carlos |
||
| 245 | 1 | 4 |
_aLos principios generales del derecho en el derecho administrativo / _cJuan Carlos Cassagne. |
| 260 |
_aBuenos Aires : _bAbeledo-Perrot, _c1992. |
||
| 300 |
_a111 p. _c18 cm. |
||
| 500 | _aNotas y citas a pie de página. | ||
| 650 | 0 |
_aDERECHO ADMINISTRATIVO _9211 |
|
| 650 | 0 |
_aPRINCIPIOS GENERALES DEL DERECHO _91676 |
|
| 942 |
_2udc _cLIB _h342.9 _iCAS |
||
| 999 |
_c2649 _d2649 |
||